[Event "Getxo op 4th"]
[Site "Getxo"]
[Date "2019.09.15"]
[Round "8"]
[White "Perez Novoa, Miguel"]
[Black "Uria Ramirez, Aitor"]
[Result "0-1"]
[WhiteElo "1681"]
[BlackElo "1934"]
[PlyCount "48"]
[EventDate "2019.09.08"]
[EventType "swiss"]
[EventRounds "9"]
[EventCountry "ESP"]
[SourceTitle "EXT 2021"]
[Source "ChessBase"]
[SourceDate "2020.10.23"]
[SourceVersion "1"]
[SourceVersionDate "2020.10.23"]
[SourceQuality "1"]

1. e4 e5 2. f4 exf4 3. Nf3 g5 4. Bc4 Bg7 5. 0-0 Nc6 6. c3 a6 7. d4 Nge7 8. d5 Ne5 9. Nxe5 Bxe5 10. Nd2 d6 11. Nf3 Bg7 12. Qe2 Ng6 13. Bd2 0-0 14. g3 fxg3 15. hxg3 Bg4 16. Qg2 Qd7 17. Kh2 Ne5 18. Nxe5 Bxe5 19. Be3 Rae8 20. Bd3 f6 21. Bd4 Qf7 22. Kg1 Qh5 23. Kf2 Kg7 24. Bxe5 fxe5+ 0-1

[Event "Cantabria-ch Seniors"]
[Site "Camargo"]
[Date "2013.01.04"]
[Round "7.1"]
[White "Salas Rasilla, Concepcion"]
[Black "Perez Novoa, Miguel"]
[Result "1-0"]
[WhiteElo "1717"]
[BlackElo "1801"]
[PlyCount "47"]
[EventDate "2012.12.26"]
[EventType "swiss"]
[EventRounds "7"]
[EventCountry "ESP"]
[SourceTitle "EXT 2024"]
[Source "ChessBase"]
[SourceDate "2023.10.10"]
[SourceVersion "1"]
[SourceVersionDate "2023.10.10"]
[SourceQuality "1"]

1. e4 c5 2. c3 Nc6 3. d4 cxd4 4. cxd4 d5 5. exd5 Qxd5 6. Nf3 Nf6 7. Nc3 Qd8 8. d5 Nb8 9. Bf4 a6 10. Be2 g6 11. Ne5 Bg7 12. Qa4+ Nbd7 13. 0-0 0-0 14. Qd1 Nxe5 15. Bxe5 Bf5 16. Re1 Qa5 17. Bf3 Rfd8 18. Qe2 Rd7 19. Rad1 h5 20. h3 h4 21. Rd4 g5 22. Qe3 Bh6 23. Rxh4 Kh7 24. Qxg5 1-0

[Event "Cantabria-ch Seniors"]
[Site "Camargo"]
[Date "2012.12.27"]
[Round "2.1"]
[White "Perez Novoa, Miguel"]
[Black "Gutierrez Diaz, Isidro"]
[Result "1-0"]
[WhiteElo "1801"]
[BlackElo "1545"]
[PlyCount "52"]
[EventDate "2012.12.26"]
[EventType "swiss"]
[EventRounds "7"]
[EventCountry "ESP"]
[SourceTitle "EXT 2024"]
[Source "ChessBase"]
[SourceDate "2023.10.10"]
[SourceVersion "1"]
[SourceVersionDate "2023.10.10"]
[SourceQuality "1"]

1. e4 d6 2. d4 Nf6 3. Nc3 g6 4. Be3 Bg7 5. f3 0-0 6. Qd2 Nbd7 7. Nge2 e5 8. 0-0-0 c6 9. g4 b5 10. dxe5 dxe5 11. Ng3 Qa5 12. Kb1 Nb6 13. h4 Be6 14. Nd5 Qxd2 15. Ne7+ Kh8 16. Rxd2 Rfd8 17. Nxc6 Rxd2 18. Bxd2 Nc4 19. Bxc4 Bxc4 20. b3 Be6 21. Nxe5 Nxe4 22. Nxf7+ Bxf7 23. Nxe4 a5 24. h5 Kg8 25. hxg6 Bxg6 26. Nc5 Bd4 1-0